| 000 | 00000nam 2200000zi 4500 |
| 001 | 9.917130 |
| 003 | CaOODSP |
| 005 | 20230501091546 |
| 006 | m o d f |
| 007 | cr cn||||||||| |
| 008 | 221109t20222022oncab ob f000 0 eng d |
| 020 | |a9780660462059 |
| 040 | |aCaOODSP|beng|erda|cCaOODSP |
| 043 | |an-cn--- |
| 086 | 1 |aEn3-4/362-2022E-PDF |
| 245 | 00|aRecovery strategy for the Audouin's night stalking tiger beetle (Omus audouini) in Canada. |
| 264 | 1|aOttawa : |bGovernment of Canada = Gouvernement du Canada, |c2022. |
| 264 | 4|c©2022 |
| 300 | |a1 online resource (viii, 46 pages) : |billustrations, maps. |
| 336 | |atext|btxt|2rdacontent |
| 337 | |acomputer|bc|2rdamedia |
| 338 | |aonline resource|bcr|2rdacarrier |
| 490 | 1 |aSpecies at Risk Act recovery strategy series |
| 500 | |aCover title. |
| 500 | |aIssued by Environment and Climate Change Canada. |
| 500 | |aIssued also in French under title: Programme de rétablissement de la cicindèle d'Audouin (Omus audouini) au Canada. |
| 504 | |aIncludes bibliographical references (pages 38-43). |
| 650 | 0|aTiger beetles|xConservation|zCanada. |
| 650 | 0|aWildlife recovery|zCanada. |
| 710 | 1 |aCanada. |bEnvironment and Climate Change Canada, |eissuing body. |
| 775 | 08|tProgramme de rétablissement de la cicindèle d'Audouin (Omus audouini) au Canada.|w(CaOODSP)9.917131 |
| 830 | #0|aSpecies at Risk Act recovery strategy series.|w(CaOODSP)9.505071 |
| 856 | 40|qPDF|s9.27 MB|uhttps://publications.gc.ca/collections/collection_2023/eccc/En3-4-362-2022-eng.pdf |
| 856 | 4 |qHTML|sN/A|uhttps://www.canada.ca/en/environment-climate-change/services/species-risk-public-registry/recovery-strategies/audouin-night-stalking-tiger-beetle-2022.html |